000 00336nam a22001457a 4500
008 230707b ||||| |||| 00| 0 eng d
020 _a9781457694301
041 _aeng
080 _2SHORT SECOND EDITION
_a37
082 _a37KIR
100 _a22
101 _aEDU
245 _aPRACTICAL ARGUMENT
_cKIRSZNER .G .L
942 _2udc
_cBK
999 _c60131
_d60131